Doing your business research project/

Guardat en:
Dades bibliogràfiques
Autor principal: BEECH, John
Format: Llibre
Idioma:anglès
Publicat: Sage Publishers 2015.
Etiquetes: Afegir etiqueta
Sense etiquetes, Sigues el primer a etiquetar aquest registre!

MARC

LEADER 00000nam a22000007a 4500
008 210817b ||||| |||| 00| 0 eng d
020 |a ISBN: 978-1-84920-22-6 
100 |a BEECH, John. 
245 |a Doing your business research project/   |c John Beech.-   |g . xiii, 172p., ill. 
260 |b  Sage Publishers  |c  2015.   |h Los Angeles  |i 693463 – ADM  |i 693464  |l HD30.4 .B38  |m 1. Business – Research – Methodology  |m 2. Dissertations, Academic – Authorship  |m I. Title. 
500 |a “It includes index and references” 
942 |a lcc  |c BK  |e j. o. ifatola  |f 17/ 08/ 2021 
952 |0 0  |1 0  |2 lcc  |4 0  |6 HD00304 B38  |7 0  |9 3061  |a MPL  |b HOL  |c GJ  |d 2021-08-17  |l 0  |o HD30.4 .B38  |p 2021-66760  |r 2021-08-17 00:00:00  |w 2021-08-17  |y BK 
952 |0 0  |1 0  |2 lcc  |4 0  |6 HD00304 B38  |7 0  |9 3062  |a MPL  |b HOL  |c GJ  |d 2021-08-17  |l 0  |o HD30.4 .B38  |p 2021-66761  |r 2021-08-17 00:00:00  |w 2021-08-17  |y BK 
999 |c 1551  |d 1551